[Event "Perugia op"]
[Site "Perugia"]
[Date "2009.07.03"]
[Round "8"]
[White "Laketic, Gojko"]
[Black "Tanasa, Remus"]
[Result "1-0"]
[WhiteElo "2457"]
[BlackElo "2026"]
[PlyCount "82"]
[EventDate "2009.06.27"]
[EventType "swiss"]
[EventRounds "9"]
[EventCountry "ITA"]
[SourceTitle "EXT 2010"]
[Source "ChessBase"]
[SourceDate "2010.11.25"]
[SourceVersion "1"]
[SourceVersionDate "2010.11.25"]
[SourceQuality "1"]

1. d4 d5 2. Nf3 Nc6 3. Bf4 Bg4 4. e3 e6 5. c4 Bb4+ 6. Nc3 dxc4 7. Bxc4 Nge7 8. 0-0 0-0 9. h3 Bh5 10. Rc1 Bd6 11. Bg5 h6 12. Bxe7 Nxe7 13. Be2 c6 14. Ne4 Nd5 15. Nxd6 Qxd6 16. Ne5 Bxe2 17. Qxe2 Rac8 18. f4 f6 19. Nd3 Nb4 20. Nxb4 Qxb4 21. Rc5 Rfd8 22. a3 Qb3 23. Rfc1 Rd5 24. R1c3 Qb6 25. b4 a6 26. Qg4 Re8 27. Qg6 Qd8 28. Kh2 Qe7 29. a4 Qf7 30. Qc2 Rxc5 31. Rxc5 g6 32. b5 axb5 33. axb5 Kg7 34. bxc6 bxc6 35. Rxc6 Re7 36. Qc4 Qe8 37. Kh1 Qf7 38. e4 Qe8 39. e5 fxe5 40. dxe5 h5 41. Qe4 Rf7 1-0

[Event "Perugia op"]
[Site "Perugia"]
[Date "2009.06.28"]
[Round "3"]
[White "Mogranzini, Roberto"]
[Black "Tanasa, Remus"]
[Result "1-0"]
[WhiteElo "2422"]
[BlackElo "2026"]
[PlyCount "45"]
[EventDate "2009.06.27"]
[EventType "swiss"]
[EventRounds "9"]
[EventCountry "ITA"]
[SourceTitle "EXT 2010"]
[Source "ChessBase"]
[SourceDate "2010.11.25"]
[SourceVersion "1"]
[SourceVersionDate "2010.11.25"]
[SourceQuality "1"]

1. e4 Nf6 2. e5 Nd5 3. d4 d6 4. c4 Nb6 5. exd6 cxd6 6. Nc3 g6 7. Be3 Bg7 8. Rc1 Nc6 9. b3 0-0 10. d5 Ne5 11. Be2 f5 12. f4 Nf7 13. Nf3 e5 14. dxe6 Bxe6 15. 0-0 Qe7 16. Qd2 Nd7 17. Nd4 Nc5 18. Bf3 Rae8 19. Rfe1 b6 20. Bf2 Nd8 21. b4 Na6 22. Nxe6 Nxe6 23. Rxe6 1-0

[Event "Galatzi GP op"]
[Site "Galatzi"]
[Date "2007.05.08"]
[Round "1"]
[White "Tanasa, Remus"]
[Black "Grigore, George Gabriel"]
[Result "0-1"]
[WhiteElo "2002"]
[BlackElo "2517"]
[PlyCount "64"]
[EventDate "2007.05.08"]
[EventType "swiss"]
[EventRounds "9"]
[EventCountry "ROU"]
[SourceTitle "CBM 118 Extra"]
[Source "ChessBase"]
[SourceDate "2007.07.04"]
[SourceVersion "1"]
[SourceVersionDate "2007.07.04"]
[SourceQuality "1"]

1. Nf3 Nf6 2. b3 g6 3. Bb2 Bg7 4. c4 0-0 5. d4 d6 6. g3 c5 7. Bg2 d5 8. 0-0 dxc4 9. dxc5 Qa5 10. Nbd2 c3 11. Nc4 Qxc5 12. Bxc3 Nc6 13. Rc1 Bf5 14. Ne3 Qb5 15. a4 Qb6 16. Nxf5 gxf5 17. Qc2 e6 18. Qb2 Nh5 19. Bxg7 Nxg7 20. Qf6 Qd8 21. Qh6 f6 22. Rfd1 Qe7 23. Nd4 Nxd4 24. Rxd4 Rac8 25. Rcd1 Rfd8 26. Rxd8+ Rxd8 27. Rxd8+ Qxd8 28. Bxb7 Qd1+ 29. Kg2 Qxb3 30. Bc6 Qc2 31. Bb5 a6 32. Bxa6 Qc6+ 0-1